000 00810nam a22002297a 4500
005 20221221162803.0
008 221221b ||||| |||| 00| 0 eng d
020 _a9780195687187
040 _cAL
041 _aEnglish
082 _223
_a320.54
_bGRON
100 _aSteven Grosby
_967365
245 _aNationalism : A Very Short Introduction
260 _aNew York
_bOxford University Press
_c2005
300 _a142 p.
_bPB
_c17x11 cm.
365 _d₹165.00
520 _aExploring nationality through the difficulties and conflicts that have arisen throughout history, this title discusses nations and nationalism from social, philosophical and anthropological perspectives.
650 _aNation
_967366
650 _aSocial Relation
_967367
700 _aGROSBY (Steven)
_967368
942 _2ddc
_cDB
999 _c226027
_d226027